تمهيد لتاريخ الفلسفة الإسلامية / (Record no. 15591)

MARC details
000 -الفاتح
حقل البيانات ثابتة الطول 00822cam a22002175a 4500
003 - محدد رقم الضبط
رقم الضبط OSt
005 - وقت وتاريخ اخر تعامل مع التسجيلة
رقم الضبط 20150823134457.0
008 - عناصر البيانات ثابتة الطول - معلومات عامة
حقل البيانات ثابتة الطول 110614t1944 ua frb 000 0 ara d
040 ## - مصدر الفهرسة
وكالة الفهرسة الأصلية EG-ScBUE
لغة الفهرسة ara
وكالة التعديل EG-ScBUE
082 04 - رقم تصنيف ديوى العشرى
رقم التصنيف 189.3
رقم المادة ا ل ر
رقم الطبعة 22
100 1# - المدخل الرئيسى - إسم شخصى
الإسم الشخصى عبد الرازق، مصطفى
9 (RLIN) 25213
245 10 - بيان العنوان
العنوان تمهيد لتاريخ الفلسفة الإسلامية /
بيان المسئوليه,etc مصطفى عبد الرازق
260 ## - PUBLICATION, DISTRIBUTION, ETC. (IMPRINT)
مكان الناشر او الموزع القاهرة :
اسم الناشر او الموزع مطبعة لجنة التأليف و الترجمة و النشر ،
تاريخ النشر أو التوزيع 1944.
300 ## - الوصف المادى
التعداد 359 ص.
أبعاد الوعاء 24 سم.
504 ## - تبصرة ببليوجرافية
تبصرة ببليوجرافية,الخ يشتمل على ارجاعات ببليوجرافية.
590 ## - تبصرة محلية(RLIN)
تبصرة محلية mostafa el helaly <br/>doaa mohamed
650 ## - المدخل الاضافى بالموضوع-مصطلح موضوعى
9 (RLIN) 8794
مصطلح موضوعي أو اسم جغرافي كعنصر مدخل الفلسفة الإسلامية
مصدر الرأس أو المصطلح BUEsh
651 ## - المدخل الاضافى بالموضوع - اسم جغرافى
مصدر الرأس أو المصطلح BUEsh
653 ## - مصطلح تكشيفى غير مقيد
Arrived date list August2015
Resource For college Arabic Literature
942 ## - عناصر المدخل الإضافي( كوها)
مصدر التصنيف او مخطط الترفيف Dewey Decimal Classification
Koha [default] item type Book - Borrowing
سابقة رقم الطلب 189.3 ا ل ر
Holdings
حالة التراجع حالة الفقد مصدر التصنيف او خطة الترفيف تحديد مواد ( مجلدات مجمعه أو جزء أخر) حالة تلف ليس للاعارة مجموعات كوها المكان الدائم المكان الحالي موقع الترفيف تاريخ الاكتساب Source of acquisition رقم الاستدعاء الباركود Date last seen نوع الوعاء
  Lost Dewey Decimal Classification Lost In Inventory_2005-2015/8/22       Central Library Central Library Lower Floor 14/06/2011 Purchase 189.3 ا ل ر 000024200 01/07/2011 Book - Borrowing
    Dewey Decimal Classification         Central Library Central Library Lower Floor 01/08/2011 Donation 189.3 ا ل ر 000023034 15/07/2025 Book - Borrowing